[Event "ch-Asian Individual w"]
[Site "Mashhad IRI"]
[Date "2011.05.04"]
[Round "3.1"]
[White "Sukandar, Irine Kharisma"]
[Black "Munguntuul, Batkhuyag"]
[Result "0-1"]
[WhiteTitle "WGM"]
[BlackTitle "IM"]
[WhiteElo "2354"]
[BlackElo "2434"]
[WhiteFideId "7101937"]
[BlackFideId "4900758"]
[EventDate "2011.05.02"]

1. e4 c5 2. Nf3 Nc6 3. d4 cxd4 4. Nxd4 e5 5. Nb5 d6 6. N1c3 a6 7. Na3 Be6 8. Nd5
Nf6 9. Nxf6+ Qxf6 10. c4 Qg6 11. Qf3 Nd4 12. Qd3 Rc8 13. Be3 f5 14. Bxd4 fxe4
15. Qe3 exd4 16. Qxd4 Be7 17. g3 O-O 18. Qd2 Bg5 19. Qe2 Bg4 20. Qc2 Bf3 21. Rg1
Qe6 22. Be2 e3 0-1

[Event "ch-Asian Individual w"]
[Site "Mashhad IRI"]
[Date "2011.05.04"]
[Round "3.2"]
[White "Harika, Dronavalli"]
[Black "Hejazipour, Mitra"]
[Result "1-0"]
[WhiteTitle "IM"]
[BlackTitle "WIM"]
[WhiteElo "2524"]
[BlackElo "2240"]
[WhiteFideId "5015197"]
[BlackFideId "12505951"]
[EventDate "2011.05.02"]

1. c4 e5 2. g3 Nf6 3. Bg2 d5 4. cxd5 Nxd5 5. Nc3 Nb6 6. Nf3 Nc6 7. O-O Be7 8. a3
Be6 9. b4 f6 10. d3 O-O 11. Rb1 Nd4 12. Nd2 c6 13. Bb2 Rf7 14. e3 Nb5 15. Nxb5
cxb5 16. Bxb7 Rb8 17. Be4 Na4 18. Ba1 f5 19. Bg2 Qxd3 20. Nf3 Qxd1 21. Rfxd1 e4
22. Ne5 Rff8 23. f3 Rbc8 24. Rbc1 Bb3 25. Re1 Bd5 26. fxe4 Bxe4 27. Bxe4 fxe4
28. Nc6 Bg5 29. h4 Bd8 30. Red1 Nb6 31. Bd4 Ra8 32. Bc5 Re8 33. Nxa7 Rxa7 34.
Rxd8 Rxd8 35. Bxb6 Rad7 36. Bxd8 Rxd8 37. Rc5 Rd3 38. Kf2 Rxa3 39. g4 Kf7 40.
Rxb5 Rb3 41. Rb8 h6 42. Rb6 Ra3 43. Rc6 Ra8 44. Kg3 g5 45. Rxh6 gxh4+ 46. Rxh4
Rb8 47. Kf4 Kg6 48. Rh5 Rxb4 49. Re5 Rb8 50. Re6+ Kf7 51. Rxe4 1-0

[Event "ch-Asian Individual w"]
[Site "Mashhad IRI"]
[Date "2011.05.04"]
[Round "3.3"]
[White "Hakimifard, Ghazal"]
[Black "Huang, Qian"]
[Result "0-1"]
[WhiteTitle "WFM"]
[BlackTitle "WGM"]
[WhiteElo "2215"]
[BlackElo "2394"]
[WhiteFideId "12506540"]
[BlackFideId "8602689"]
[EventDate "2011.05.02"]

1. e4 c5 2. Nf3 d6 3. d4 cxd4 4. Nxd4 Nf6 5. Nc3 a6 6. Be3 e5 7. Nf3 Qc7 8. a4
Be7 9. Be2 O-O 10. O-O Be6 11. a5 h6 12. Nd5 Nxd5 13. exd5 Bg4 14. Ra4 Bxf3 15.
Bxf3 Nd7 16. Be2 f5 17. f4 exf4 18. Bxf4 b5 19. axb6 Qxb6+ 20. Qd4 Nc5 21. Rb4
Bf6 22. Qc4 Qa7 23. Be3 Rfe8 24. Bxc5 Qxc5+ 25. Rf2 Rxe2 26. Qxe2 Qxb4 27. Qe6+
Kh8 28. Rxf5 Qd4+ 0-1

[Event "ch-Asian Individual w"]
[Site "Mashhad IRI"]
[Date "2011.05.04"]
[Round "3.4"]
[White "Karavade, Eesha"]
[Black "Muminova, Nafisa"]
[Result "1/2-1/2"]
[WhiteTitle "IM"]
[BlackTitle "WIM"]
[WhiteElo "2330"]
[BlackElo "2357"]
[WhiteFideId "5012600"]
[BlackFideId "14201526"]
[EventDate "2011.05.02"]

1. c4 e6 2. g3 d5 3. Bg2 Nf6 4. Nf3 dxc4 5. Qa4+ c6 6. Qxc4 b5 7. Qc2 Bb7 8. O-O
c5 9. a4 b4 10. d3 Nbd7 11. Nbd2 Be7 12. a5 Rc8 13. Nc4 O-O 14. Bf4 Nb8 15. e4
Nc6 16. Rfd1 Ba6 17. h3 Nd4 18. Nxd4 cxd4 19. Qe2 Nd7 20. Rdc1 Nc5 21. Qc2 Nb7
22. Qb3 Nc5 23. Qc2 Nb7 24. Qb3 Nc5 1/2-1/2

[Event "ch-Asian Individual w"]
[Site "Mashhad IRI"]
[Date "2011.05.04"]
[Round "3.5"]
[White "Tan, Zhongyi"]
[Black "Pham, Le Thao Nguyen"]
[Result "1/2-1/2"]
[WhiteTitle "WGM"]
[BlackTitle "WIM"]
[WhiteElo "2428"]
[BlackElo "2349"]
[WhiteFideId "8603642"]
[BlackFideId "12401226"]
[EventDate "2011.05.02"]

1. c4 c6 2. e4 d5 3. exd5 cxd5 4. d4 Nf6 5. Nc3 Nc6 6. Bg5 Be6 7. a3 g6 8. Bxf6
exf6 9. c5 Bg7 10. Bb5 O-O 11. Nge2 a6 12. Bxc6 bxc6 13. O-O Re8 14. Qd2 Ra7 15.
b4 h5 16. a4 Qd7 17. Rab1 Bg4 18. h3 Bxe2 19. Nxe2 f5 20. Nc3 Rb8 21. Rb3 Rab7
22. Rfb1 Kh7 23. Qd3 Qe8 24. Kf1 Qe6 25. Ne2 Ra7 26. Ng1 Qe4 27. Nf3 Bf6 28. Qd2
Qe7 29. Kg1 Kg7 30. Qf4 Rab7 31. Re1 Qd8 32. Reb1 Qe7 33. Qd2 Ra7 34. Re1 Qc7
35. Ne5 Rab7 36. Qb2 Qc8 37. Rb1 Kg8 38. Nf3 Qe8 39. Qd2 Ra7 40. Re1 Qd7 41. Qd3
Kg7 42. Reb1 Qe8 43. b5 axb5 44. axb5 cxb5 45. Rxb5 Rxb5 46. Qxb5 Qxb5 47. Rxb5
Ra1+ 48. Kh2 Rc1 49. h4 f4 50. Rb2 Rc4 51. Rd2 Rc1 52. g3 Rc3 53. Kg2 fxg3 54.
fxg3 Kf8 55. Kf2 Bd8 56. Kg2 Bc7 57. Ra2 Kg7 58. Ra7 Rc2+ 59. Kf1 Bxg3 60. Rd7
Rc3 61. Ke2 Bf4 62. Rxd5 f6 63. Rd7+ Kg8 64. Re7 g5 65. hxg5 fxg5 66. Ne5 h4 67.
Ng4 h3 68. Rd7 h2 1/2-1/2

[Event "ch-Asian Individual w"]
[Site "Mashhad IRI"]
[Date "2011.05.04"]
[Round "3.6"]
[White "Pourkashiyan, Atousa"]
[Black "Nguyen, Thi Mai Hung"]
[Result "0-1"]
[WhiteTitle "WGM"]
[BlackTitle "WIM"]
[WhiteElo "2371"]
[BlackElo "2320"]
[WhiteFideId "12502014"]
[BlackFideId "12401676"]
[EventDate "2011.05.02"]

1. e4 c5 2. Nf3 Nc6 3. d4 cxd4 4. Nxd4 g6 5. c4 Nf6 6. Nc3 d6 7. Be2 Nxd4 8.
Qxd4 Bg7 9. Be3 O-O 10. Qd2 Be6 11. Rc1 Qa5 12. f3 Rfc8 13. b3 a6 14. Na4 Qxd2+
15. Kxd2 Nd7 16. g4 Rf8 17. h3 f5 18. exf5 gxf5 19. f4 Nf6 20. Bf3 Rab8 21. Ba7
Rbd8 22. Rce1 fxg4 23. Bxb7 Rd7 24. Rxe6 Rxb7 25. Be3 gxh3 26. Rxh3 Ng4 27. Rh4
Nxe3 28. Kxe3 Rf5 29. Ke4 Ra5 30. Kd3 Bf6 31. Rh2 Rf5 32. Ke4 Ra5 33. Kf3 h5 34.
c5 Kf7 35. Ree2 dxc5 36. Rxh5 Rbb5 37. Rh7+ Kg8 38. Rh3 c4 39. Kg4 Rb4 40. Ree3
cxb3 41. axb3 Rg5+ 42. Kf3 Rf5 43. Ke2 Rbxf4 44. Nc3 Kf7 45. Rh7+ Kg6 46. Rhh3
Rf2+ 47. Kd3 Rb2 48. Kc4 Rc2 49. Kb4 a5+ 50. Ka3 Be5 51. Ne4 Bf4 52. Ng3 Bxe3
53. Nxf5 Bc1+ 54. Ka4 Ra2+ 55. Kb5 Kxf5 56. Rh1 Bg5 0-1

[Event "ch-Asian Individual w"]
[Site "Mashhad IRI"]
[Date "2011.05.04"]
[Round "3.7"]
[White "Nakhbayeva, Guliskhan"]
[Black "Gomes, Mary Ann"]
[Result "0-1"]
[WhiteTitle "WIM"]
[BlackTitle "WGM"]
[WhiteElo "2207"]
[BlackElo "2334"]
[WhiteFideId "13704788"]
[BlackFideId "5013623"]
[EventDate "2011.05.02"]

1. d4 e6 2. c4 Nf6 3. Nc3 c5 4. d5 exd5 5. cxd5 d6 6. Nf3 g6 7. Bf4 a6 8. a4 Bg7
9. h3 O-O 10. e3 Qe7 11. Be2 Nbd7 12. O-O h6 13. Bh2 Ne8 14. Re1 Rb8 15. Ra3 Nc7
16. Rb3 b6 17. e4 Ne5 18. Nd2 g5 19. Nc4 Nxc4 20. Bxc4 Be5 21. Bf1 Bd7 22. Ra3
Rfe8 23. Be2 Bxh2+ 24. Kxh2 Qe5+ 25. Kg1 Rb7 26. Bh5 Re7 27. Qa1 b5 28. axb5
axb5 29. Ra7 Rxa7 30. Qxa7 Ne8 31. Qa2 b4 32. Nb1 Nf6 33. Bf3 Nxd5 34. Nd2 Nf4
35. Rd1 Be6 36. b3 Kg7 37. Qa6 d5 38. exd5 Bxd5 39. Nc4 Bxc4 40. Qxc4 Ra7 41. g3
Ne6 42. Kg2 Nd4 43. Rd3 Ra2 44. Qc1 Nc2 0-1

[Event "ch-Asian Individual w"]
[Site "Mashhad IRI"]
[Date "2011.05.04"]
[Round "3.8"]
[White "Nguyen, Thi Thanh An"]
[Black "Sabirova, Olga"]
[Result "0-1"]
[WhiteTitle "WGM"]
[BlackTitle "WIM"]
[WhiteElo "2349"]
[BlackElo "2247"]
[WhiteFideId "12400300"]
[BlackFideId "14200201"]
[EventDate "2011.05.02"]

1. d4 f5 2. g3 g6 3. Bg2 Nf6 4. Nf3 Bg7 5. O-O O-O 6. c4 d6 7. Nc3 Qe8 8. d5 Na6
9. Rb1 c5 10. Ng5 Nc7 11. h4 h6 12. Nh3 Rb8 13. a4 b6 14. Nb5 Nxb5 15. axb5 a5
16. bxa6 Bxa6 17. Qc2 b5 18. Ra1 Bc8 19. Nf4 bxc4 20. Ra7 Ng4 21. Qxc4 Bd4 22.
Nd3 Bd7 23. Ra2 Bb5 24. Qc2 Bxd3 25. Qxd3 Qb5 26. Qxb5 Rxb5 27. Bf3 h5 28. Bg5
Kf7 29. Ra7 Bf6 30. Bf4 Ne5 31. Bxe5 Bxe5 32. e4 fxe4 33. Bxe4 Rxb2 34. Ra3 Kg7
35. Kg2 Bd4 36. Rf3 Rxf3 37. Bxf3 c4 38. g4 hxg4 39. Bxg4 c3 40. Bf3 Bxf2 41.
Kh3 Be3 0-1

[Event "ch-Asian Individual w"]
[Site "Mashhad IRI"]
[Date "2011.05.04"]
[Round "3.9"]
[White "Khademalsharieh, Sarasadat"]
[Black "Hoang, Thi Bao Tram"]
[Result "1/2-1/2"]
[WhiteTitle "WFM"]
[BlackTitle "WGM"]
[WhiteElo "2137"]
[BlackElo "2311"]
[WhiteFideId "12512214"]
[BlackFideId "12401102"]
[EventDate "2011.05.02"]

1. d4 d5 2. c4 c6 3. cxd5 cxd5 4. Bf4 Nc6 5. e3 Nf6 6. Nc3 a6 7. Bd3 Bg4 8. Nge2
e6 9. O-O Be7 10. Rc1 O-O 11. Na4 Nd7 12. Bg3 Rc8 13. f3 Bh5 14. Nf4 Bg6 15.
Bxg6 hxg6 16. Nd3 Bg5 17. Qe2 Re8 18. Nac5 Nxc5 19. Rxc5 Na7 20. Rfc1 Rxc5 21.
Rxc5 Nb5 22. a4 Nd6 23. Bxd6 Qxd6 24. f4 Bd8 25. Qc2 g5 26. g3 gxf4 27. gxf4 g6
28. Rc8 Kg7 29. Qc5 Qd7 30. Qc2 Rh8 31. Rb8 Qe7 32. Nc5 Qh4 33. Qe2 b6 34. Nb7
Be7 35. Rxh8 Kxh8 36. a5 bxa5 37. Nxa5 Kg7 38. Nc6 Bd6 39. Ne5 Bxe5 40. fxe5 a5
41. Qf3 Kg8 42. Kg2 Qe1 43. Qf2 Qb1 44. Qd2 Qe4+ 45. Kf2 Qh1 46. Qxa5 Qxh2+ 47.
Kf3 Qxb2 48. Qd8+ Kg7 1/2-1/2

[Event "ch-Asian Individual w"]
[Site "Mashhad IRI"]
[Date "2011.05.04"]
[Round "3.10"]
[White "Asgarizadeh, Minoo"]
[Black "Swathi, Ghate"]
[Result "1-0"]
[BlackTitle "WGM"]
[WhiteElo "2029"]
[BlackElo "2307"]
[WhiteFideId "12512230"]
[BlackFideId "5003474"]
[EventDate "2011.05.02"]

1. e4 e5 2. Nf3 Nc6 3. Bb5 a6 4. Ba4 Nf6 5. O-O Be7 6. Re1 b5 7. Bb3 d6 8. c3
O-O 9. h3 Na5 10. Bc2 c5 11. d4 Qc7 12. Nbd2 Bd7 13. Nf1 Nc4 14. b3 Nb6 15. Bg5
h6 16. Bh4 Rfe8 17. Ne3 Rac8 18. dxe5 dxe5 19. a4 bxa4 20. bxa4 a5 21. c4 Be6
22. Qe2 Nfd7 23. Nd5 Bxd5 24. exd5 Bxh4 25. Nxh4 e4 26. Nf5 Nf6 27. d6 Qd7 28.
Ne7+ Rxe7 29. dxe7 Qxe7 30. Rab1 Qc7 31. Rb5 Re8 32. Reb1 Nbd7 33. Qe3 h5 34.
Re1 Re6 35. Qc3 Qf4 36. Rxa5 Ne5 37. Qe3 Qxe3 38. fxe3 Rc6 39. Rc1 h4 40. Rb5
Nxc4 41. Bxe4 Nxe4 42. Rxc4 f5 43. a5 Rd6 44. Rc1 Rd2 45. Rbb1 c4 46. a6 1-0

[Event "ch-Asian Individual w"]
[Site "Mashhad IRI"]
[Date "2011.05.04"]
[Round "3.11"]
[White "Padmini, Rout"]
[Black "Hamrakulova, Yulduz"]
[Result "1-0"]
[WhiteTitle "WGM"]
[BlackTitle "WIM"]
[WhiteElo "2342"]
[BlackElo "2210"]
[WhiteFideId "5029295"]
[BlackFideId "14201151"]
[EventDate "2011.05.02"]

1. e4 e5 2. Nf3 Nc6 3. Bb5 a6 4. Ba4 Nf6 5. O-O Be7 6. Re1 b5 7. Bb3 d6 8. c3
O-O 9. h3 Bb7 10. d4 Re8 11. Nbd2 Bf8 12. a3 g6 13. Bc2 Bg7 14. d5 Nb8 15. c4 c6
16. b3 Nbd7 17. Nf1 cxd5 18. cxd5 Rc8 19. Ne3 Nc5 20. Nd2 a5 21. b4 axb4 22.
axb4 Na6 23. Bd3 Qb6 24. Ra5 Nc7 25. Ndc4 bxc4 26. Nxc4 Qxb4 27. Bd2 Qxa5 28.
Bxa5 Bf8 29. Qb3 Ba6 30. Nb6 Rb8 31. Rc1 Bxd3 32. Qxd3 Rb7 33. Rc6 Reb8 34. Qc4
Nce8 35. g3 Be7 36. Nc8 Bf8 37. Rb6 Nd7 38. Rxb7 Rxb7 39. Qc6 Rb1+ 40. Kg2 Ndf6
41. Bd8 Rb2 42. Bxf6 Nxf6 43. Nxd6 Bxd6 44. Qxd6 Nxe4 45. Qxe5 Rxf2+ 46. Kg1 Re2
47. d6 f5 48. d7 1-0

[Event "ch-Asian Individual w"]
[Site "Mashhad IRI"]
[Date "2011.05.04"]
[Round "3.12"]
[White "Ghader Pour, Shayesteh"]
[Black "Soumya, Swaminathan"]
[Result "1-0"]
[WhiteTitle "WIM"]
[BlackTitle "WGM"]
[WhiteElo "2241"]
[BlackElo "2368"]
[WhiteFideId "12500747"]
[BlackFideId "5016193"]
[EventDate "2011.05.02"]

1. e4 c5 2. Nf3 d6 3. d4 cxd4 4. Nxd4 Nf6 5. Nc3 a6 6. Be2 e6 7. O-O Be7 8. f4
Qc7 9. Be3 Nc6 10. Kh1 O-O 11. Qe1 Nxd4 12. Bxd4 b5 13. a3 Bb7 14. Qg3 Rad8 15.
Rae1 Rd7 16. Bd3 Re8 17. Rf3 g6 18. Ref1 Qd8 19. Qh3 Qc7 20. f5 exf5 21. exf5
Bxf3 22. fxg6 fxg6 23. Qe6+ Kf8 24. Rxf3 Bd8 25. Rxf6+ Bxf6 26. Qxf6+ Rf7 27.
Qh8+ Ke7 28. Nd5+ Kd8 29. Qxe8+ Kxe8 30. Nxc7+ Rxc7 31. h4 Rf7 32. g3 Kd7 33.
Kg2 d5 34. c3 Kd6 35. g4 1-0

[Event "ch-Asian Individual w"]
[Site "Mashhad IRI"]
[Date "2011.05.04"]
[Round "3.13"]
[White "Vardkar, Mariam"]
[Black "Nodirjanova, Nodira"]
[Result "0-1"]
[WhiteElo "1886"]
[BlackElo "2171"]
[WhiteFideId "12508322"]
[BlackFideId "14201232"]
[EventDate "2011.05.02"]

1. e4 e6 2. d4 d5 3. Nd2 Nf6 4. e5 Nfd7 5. Bd3 c5 6. c3 b6 7. Ne2 Ba6 8. Bxa6
Nxa6 9. O-O Nc7 10. Re1 Be7 11. Nf4 b5 12. Qg4 g6 13. a4 a6 14. Nb3 c4 15. Nd2
b4 16. cxb4 Bxb4 17. Re3 Rb8 18. Nf3 Nb6 19. b3 a5 20. Ng5 Be7 21. Ngh3 Qd7 22.
Ng5 Qd8 23. Ngh3 Na6 24. Bd2 Nb4 25. Rc3 Nc6 26. Ne2 Qd7 27. Rf3 cxb3 28. Rxb3
Nb4 29. Nc3 h5 30. Qf4 Nc4 31. Be1 O-O 32. Nb5 Nc2 33. Rc1 Nxe1 34. Rxe1 Kg7 35.
Rg3 Nb2 36. Nc3 Nxa4 37. Ne2 Rb2 38. Qf3 Bh4 39. Qf4 Bxg3 40. Qf6+ Kg8 41. Nxg3
Qd8 42. Qf4 Kg7 43. Ng5 Nb6 44. Qh4 Kh8 45. Qf4 Qe7 46. h4 Nc4 47. Ra1 Rb4 48.
Ne2 a4 49. Nc3 a3 50. Nb1 Rb3 51. Nd2 Nxd2 52. Qxd2 Rfb8 53. Qa2 Qb4 0-1

[Event "ch-Asian Individual w"]
[Site "Mashhad IRI"]
[Date "2011.05.04"]
[Round "3.14"]
[White "Alavi, Homa"]
[Black "Ghaderi, Farzaneh"]
[Result "1-0"]
[WhiteElo "2008"]
[BlackElo "1716"]
[WhiteFideId "12507547"]
[BlackFideId "12534510"]
[EventDate "2011.05.02"]

1. d4 Nf6 2. c4 e6 3. Nf3 d5 4. Nc3 Be7 5. Bg5 Nbd7 6. e3 O-O 7. Qc2 dxc4 8.
Bxc4 a6 9. a4 b6 10. O-O Bb7 11. e4 c5 12. d5 exd5 13. exd5 Qc7 14. Rad1 Bd6 15.
Ba2 h6 16. Bh4 Rfe8 17. Bb1 Be5 18. Nxe5 Qxe5 19. Bg3 Qg5 20. f3 g6 21. Ne4 Qh5
22. Nd6 Nxd5 23. Nxe8 Ne3 24. Rxd7 Rxe8 25. Qb3 Bd5 26. Rxd5 Nxd5 27. Ba2 Rd8
28. Rd1 Qg5 29. f4 Qf6 30. Rxd5 Re8 31. Rd7 Rf8 32. h3 1-0

[Event "ch-Asian Individual w"]
[Site "Mashhad IRI"]
[Date "2011.05.05"]
[Round "4.1"]
[White "Munguntuul, Batkhuyag"]
[Black "Harika, Dronavalli"]
[Result "1-0"]
[WhiteTitle "IM"]
[BlackTitle "IM"]
[WhiteElo "2434"]
[BlackElo "2524"]
[WhiteFideId "4900758"]
[BlackFideId "5015197"]
[EventDate "2011.05.02"]

1. e4 e6 2. d4 d5 3. Nc3 Nf6 4. e5 Nfd7 5. f4 c5 6. Nf3 Nc6 7. Be3 Be7 8. Qd2
O-O 9. dxc5 Bxc5 10. Bxc5 Nxc5 11. O-O-O Qa5 12. h4 Rb8 13. Rh3 b5 14. f5 Ne4
15. Nxe4 dxe4 16. Qxa5 Nxa5 17. Nd4 exf5 18. Bxb5 a6 19. Be2 Rb6 20. Rc3 h6 21.
a3 Be6 22. Rc7 Bc8 23. b4 Nb7 24. Nc6 Be6 25. a4 1-0

[Event "ch-Asian Individual w"]
[Site "Mashhad IRI"]
[Date "2011.05.05"]
[Round "4.2"]
[White "Huang, Qian"]
[Black "Sukandar, Irine Kharisma"]
[Result "1/2-1/2"]
[WhiteTitle "WGM"]
[BlackTitle "WGM"]
[WhiteElo "2394"]
[BlackElo "2354"]
[WhiteFideId "8602689"]
[BlackFideId "7101937"]
[EventDate "2011.05.02"]

1. d4 Nf6 2. c4 e6 3. Nc3 Bb4 4. Nf3 c5 5. g3 O-O 6. Bg2 cxd4 7. Nxd4 d5 8. cxd5
Nxd5 9. Qb3 Nc6 10. Nxc6 bxc6 11. O-O Qa5 12. Bd2 Bxc3 13. bxc3 Ba6 14. Rfd1 Qc5
15. e4 Nb6 16. Be3 Qh5 17. Qb4 Be2 18. Rd2 Rab8 19. Bxb6 Rxb6 20. Qe7 h6 21. Re1
Bc4 22. Qxa7 Ra6 23. Qe3 Rfa8 24. h3 Rxa2 25. Rxa2 Rxa2 26. Rb1 Ra8 27. Qf4 e5
28. Qe3 Qe2 29. Qxe2 Bxe2 30. Bf1 Bxf1 1/2-1/2

[Event "ch-Asian Individual w"]
[Site "Mashhad IRI"]
[Date "2011.05.05"]
[Round "4.3"]
[White "Muminova, Nafisa"]
[Black "Asgarizadeh, Minoo"]
[Result "1-0"]
[WhiteTitle "WIM"]
[WhiteElo "2357"]
[BlackElo "2029"]
[WhiteFideId "14201526"]
[BlackFideId "12512230"]
[EventDate "2011.05.02"]

1. e4 c5 2. Nf3 e6 3. d4 cxd4 4. Nxd4 a6 5. Bd3 Bc5 6. Nb3 Ba7 7. Qe2 d6 8. Be3
Nc6 9. Nc3 b5 10. O-O Nf6 11. f4 b4 12. Nd1 e5 13. f5 O-O 14. Bxa7 Rxa7 15. Ne3
Nd4 16. Nxd4 exd4 17. Nd5 Re8 18. Qd2 a5 19. a3 bxa3 20. Rxa3 Nxd5 21. exd5 Re5
22. f6 g6 23. Ra4 Rxd5 24. Be4 Re5 25. Rxd4 Re6 26. Qf2 Ba6 27. c4 Rc7 28. Bd5
Re5 29. Qd2 Rc5 1-0

[Event "ch-Asian Individual w"]
[Site "Mashhad IRI"]
[Date "2011.05.05"]
[Round "4.4"]
[White "Gomes, Mary Ann"]
[Black "Karavade, Eesha"]
[Result "1/2-1/2"]
[WhiteTitle "WGM"]
[BlackTitle "IM"]
[WhiteElo "2334"]
[BlackElo "2330"]
[WhiteFideId "5013623"]
[BlackFideId "5012600"]
[EventDate "2011.05.02"]

1. Nf3 Nf6 2. g3 b5 3. Bg2 Bb7 4. O-O e6 5. d3 c5 6. e4 d6 7. Qe2 Qb6 8. a4 a6
9. e5 dxe5 10. Nxe5 Bxg2 11. Kxg2 Ra7 12. axb5 axb5 13. Rxa7 Qxa7 14. Nc3 b4 15.
Ne4 Qb7 16. f3 Be7 17. Nxf7 Kxf7 18. Ng5+ Ke8 19. Nxe6 Kf7 20. Ng5+ Ke8 21. Ne6
Kf7 22. Ng5+ Ke8 23. Ne6 1/2-1/2

[Event "ch-Asian Individual w"]
[Site "Mashhad IRI"]
[Date "2011.05.05"]
[Round "4.5"]
[White "Nguyen, Thi Mai Hung"]
[Black "Pham, Le Thao Nguyen"]
[Result "0-1"]
[WhiteTitle "WIM"]
[BlackTitle "WIM"]
[WhiteElo "2320"]
[BlackElo "2349"]
[WhiteFideId "12401676"]
[BlackFideId "12401226"]
[EventDate "2011.05.02"]

1. d4 d5 2. Bf4 c5 3. e3 Nc6 4. c3 Nf6 5. Nd2 cxd4 6. exd4 Bf5 7. Ngf3 e6 8. Qb3
Qc8 9. h3 h6 10. Be2 Be7 11. O-O O-O 12. Rac1 Ne4 13. c4 Nxd2 14. Bxd2 Be4 15.
Qe3 Qd8 16. Rfd1 Rc8 17. c5 Bxf3 18. Bxf3 Bf6 19. Qb3 Nxd4 20. Qxb7 Rb8 21. Qxa7
Nxf3+ 22. gxf3 Bxb2 23. Rb1 Qf6 24. c6 Rbc8 25. Qa4 Bd4 26. Bb4 Rfe8 27. Qc2 e5
28. c7 Qxf3 29. Rb3 Qf4 30. Rdd3 Rxc7 31. Qe2 Re6 32. Rg3 Qf5 33. Rbd3 Rf6 34.
Rgf3 Rg6+ 35. Kh2 Qc8 36. Rg3 Rc2 37. Rd2 Rxd2 38. Qxd2 Rf6 39. Rg2 Qf5 40. Be7
Rc6 41. a4 Kh7 42. Bf8 g5 43. a5 Rc2 44. Qd1 Qf4+ 0-1

[Event "ch-Asian Individual w"]
[Site "Mashhad IRI"]
[Date "2011.05.05"]
[Round "4.6"]
[White "Sabirova, Olga"]
[Black "Ghader Pour, Shayesteh"]
[Result "1-0"]
[WhiteTitle "WIM"]
[BlackTitle "WIM"]
[WhiteElo "2247"]
[BlackElo "2241"]
[WhiteFideId "14200201"]
[BlackFideId "12500747"]
[EventDate "2011.05.02"]

1. e4 c5 2. Nc3 a6 3. g3 b5 4. Bg2 Bb7 5. Nge2 e6 6. O-O d6 7. d4 cxd4 8. Nxd4
b4 9. Na4 Nf6 10. Re1 Qc7 11. c3 bxc3 12. Nxc3 Be7 13. Be3 Nc6 14. Rc1 Qd7 15.
Nxc6 Bxc6 16. e5 dxe5 17. Qxd7+ Kxd7 18. Red1+ Nd5 19. Nxd5 Bxd5 20. Bxd5 exd5
21. Rxd5+ Ke6 22. Ra5 Rhd8 23. a3 Rd6 24. b4 Bd8 25. Rac5 Bb6 26. R5c3 Bxe3 27.
Rxe3 Rad8 28. Rc5 f6 29. Kg2 h5 30. f4 Rd5 31. fxe5 Rxc5 32. bxc5 fxe5 33. Kf3
Rd2 34. Rc3 Kd7 35. h4 Kc6 36. Ke4 Rd5 37. Kf5 Rxc5 38. Re3 Kd6 39. Kg6 Ke6 40.
Kxh5 Rc4 41. g4 Kf6 42. Rg3 Rf4 43. g5+ Kf5 44. g6 e4 45. Rc3 Ke6 46. Rc6+ Kd5
47. Rc7 e3 48. Rxg7 Rf5+ 49. Kg4 e2 50. Re7 Re5 51. g7 Rxe7 52. g8=Q+ Kc6 53.
Qc8+ Kb5 54. Qf5+ Kc4 55. Qc2+ Kd4 56. Qd2+ 1-0

[Event "ch-Asian Individual w"]
[Site "Mashhad IRI"]
[Date "2011.05.05"]
[Round "4.7"]
[White "Khademalsharieh, Sarasadat"]
[Black "Tan, Zhongyi"]
[Result "1/2-1/2"]
[WhiteTitle "WFM"]
[BlackTitle "WGM"]
[WhiteElo "2137"]
[BlackElo "2428"]
[WhiteFideId "12512214"]
[BlackFideId "8603642"]
[EventDate "2011.05.02"]

1. d4 Nf6 2. Nf3 g6 3. c4 Bg7 4. g3 O-O 5. Bg2 d6 6. O-O Nbd7 7. Nc3 e5 8. e4
exd4 9. Nxd4 Re8 10. Re1 a6 11. h3 Rb8 12. Rb1 Ne5 13. b3 c5 14. Nc2 Be6 15. f4
Nc6 16. Nd5 Nd7 17. Bb2 Bxb2 18. Rxb2 b5 19. Nce3 Nd4 20. Rd2 Bxd5 21. cxd5 Qa5
22. Nc2 Nxc2 23. Rxc2 Rbc8 24. Rce2 Qc3 25. Kh2 Rcd8 26. Re3 Qg7 27. Qe2 Nb6 28.
Rd1 Nd7 29. Re1 Nb6 30. Rd1 Nd7 31. Re1 Nb6 1/2-1/2

[Event "ch-Asian Individual w"]
[Site "Mashhad IRI"]
[Date "2011.05.05"]
[Round "4.8"]
[White "Hejazipour, Mitra"]
[Black "Padmini, Rout"]
[Result "0-1"]
[WhiteTitle "WIM"]
[BlackTitle "WGM"]
[WhiteElo "2240"]
[BlackElo "2342"]
[WhiteFideId "12505951"]
[BlackFideId "5029295"]
[EventDate "2011.05.02"]

1. d4 Nf6 2. c4 g6 3. Nf3 Bg7 4. g3 O-O 5. Bg2 d6 6. Nc3 Nc6 7. O-O a6 8. Re1
Rb8 9. Rb1 Bf5 10. e4 Bg4 11. h3 Bxf3 12. Bxf3 e5 13. d5 Nd4 14. Be3 Nd7 15. Bg2
c5 16. dxc6 bxc6 17. b4 Re8 18. a4 Qc8 19. a5 Nf8 20. Bxd4 exd4 21. Ne2 Ne6 22.
f4 Qc7 23. Qd2 Qa7 24. Kh2 Nc7 25. e5 dxe5 26. fxe5 c5 27. Bc6 Rxe5 28. b5 Ne6
29. Nf4 Nxf4 30. Qxf4 g5 31. Rxe5 gxf4 32. b6 fxg3+ 33. Kg2 Qxb6 34. Re8+ Rxe8
35. Rxb6 Re3 36. Rxa6 Be5 37. Ra8+ Kg7 38. a6 Re2+ 39. Kf1 Rf2+ 40. Kg1 d3 41.
a7 d2 42. Rd8 Bd4 43. Ba4 d1=Q+ 44. Bxd1 Ra2+ 45. Rxd4 cxd4 46. c5 Rxa7 47. Bf3
Ra3 48. Kg2 d3 0-1